Statistics for Famous Lakes on a World Map

Click here to take the quiz!

General Stats

  • This quiz has been taken 103 times
  • The average score is 22 of 41

Answers on the Map

Answers color-coded by a green-red scale on the quiz's map according to % correct below.
Loading ...
 

Answer Stats

Area in km2Lake% Correct
68,870Lake Victoria
96%
82,100Lake Superior
95%
58,000Lake Michigan
95%
25,700Lake Erie
92%
31,500Lake Baikal
91%
371,000Caspian Sea
89%
18,960Lake Ontario
89%
59,600Lake Huron
87%
8,372Lake Titicaca
85%
605Dead Sea
84%
56Loch Ness
78%
29,500Lake Malawi
77%
32,600Lake Tanganyika
75%
581Lake Geneva
73%
8,264Lake Nicaragua
73%
4,400Great Salt Lake
72%
8,303Aral Sea
70%
31,000Great Bear Lake
68%
1,540Lake Chad
67%
24,514Lake Winnipeg
63%
27,000Great Slave Lake
62%
146Lake Como
47%
5,250Lake Nasser
47%
490Lake Tahoe
44%
18,130Lake Ladoga
38%
166Sea of Galilee
35%
1,630Lake Pontchartrain
34%
592Lake Balaton
33%
16,400Lake Balkhash
29%
53Crater Lake
25%
640Lake Mead
25%
8,502Lake Volta
22%
5,545Vänern
19%
388Lough Neagh
18%
653Lake Powell
16%
616Lake Taupō
15%
3,555Lake Peipus
15%
9,500Lake Eyre
15%
4,489Qinghai Lake
14%
1,130Lake Toba
13%
7,850Lake Athabasca
13%

Score Distribution

Percentile by Number Answered

Percent of People with Each Score

Your Score History

You have not taken this quiz